|
|
|
|
| LEADER |
00000nam0a2200000 4500 |
| 001 |
323110 |
| 005 |
20231102003535.0 |
| 035 |
|
|
|a (RuTPU)RU\TPU\book\348668
|
| 090 |
|
|
|a 323110
|
| 100 |
|
|
|a 20161007d1970 k y0rusy50 ca
|
| 101 |
0 |
|
|a rus
|
| 102 |
|
|
|a UA
|
| 105 |
|
|
|a a dm 001zy
|
| 200 |
1 |
|
|a Особенности катодного процесса электролитического выделения марганца
|e автореферат диссертации на соискание ученой степени кандидата химических наук
|e спец. 02.074
|f В. В. Трофименко
|g Днепропетровский химико-технологический институт ; науч. рук. В. В. Стендер ; И. В. Гамали
|
| 210 |
|
|
|a Днепропетровск
|c [Б. и.]
|d 1970
|
| 215 |
|
|
|a 22 с.
|c ил.
|
| 300 |
|
|
|a Защита сост. 9.09.1970 г.
|
| 320 |
|
|
|a Библиогр.: с. 22 (8 назв.)
|
| 606 |
1 |
|
|a Марганец
|x Электрохимия
|2 stltpush
|3 (RuTPU)RU\TPU\subj\75702
|9 87362
|
| 610 |
1 |
|
|a электролитическое выделение
|
| 610 |
1 |
|
|a катодные процессы
|
| 610 |
1 |
|
|a полярографические исследования
|
| 610 |
1 |
|
|a аммонийно-аммиачные хлоридные растворы
|
| 610 |
1 |
|
|a кинетика
|
| 610 |
1 |
|
|a ртутные капельные электроды
|
| 610 |
1 |
|
|a твердые электроды
|
| 610 |
1 |
|
|a электроосаждение
|
| 610 |
1 |
|
|a авторефераты диссертаций
|
| 610 |
1 |
|
|a библиотека А. Г. Стромберга
|
| 675 |
|
|
|a 546.71(04)
|v 3
|
| 686 |
|
|
|a 02.074
|2 oksvnk
|
| 700 |
|
1 |
|a Трофименко
|b В. В.
|
| 702 |
|
1 |
|a Стендер
|b В. В.
|4 727
|
| 702 |
|
1 |
|a Гамали
|b И. В.
|4 727
|
| 712 |
0 |
2 |
|a Днепропетровский химико-технологический институт
|2 stltpush
|3 (RuTPU)RU\TPU\col\11452
|
| 801 |
|
1 |
|a RU
|b 63413507
|c 20161007
|
| 801 |
|
2 |
|a RU
|b 63413507
|c 20181103
|g RCR
|
| 942 |
|
|
|c BK
|